LIBRARY & INFORMATION CENTRE, KCAET, TAVANUR

ONLINE PUBLIC ACCESS CATALOGUE (OPAC)

Normal view MARC view
  • Raghuwanshi

Entry Personal Name

Number of records used in: 1

001 - CONTROL NUMBER

  • control field: 7130

003 - CONTROL NUMBER IDENTIFIER

  • control field: OSt

005 - DATE AND TIME OF LATEST TRANSACTION

  • control field: 20250212113227.0

008 - FIXED-LENGTH DATA ELEMENTS

  • fixed length control field: 250212|| aca||aabn | a|a d

040 ## - CATALOGING SOURCE

  • Original cataloging agency: OSt
  • Transcribing agency: OSt

100 ## - HEADING--PERSONAL NAME

  • Personal name: Raghuwanshi

670 ## - SOURCE DATA FOUND

  • Source citation: Work cat.: (OSt)19362: Raghuwanshi, Course in Workshop Technology Vol.11
free website counter